| 000 | 01168nam a2200205Ia 4500 | ||
|---|---|---|---|
| 003 | Ost | ||
| 005 | 20260507075640.0 | ||
| 008 | 260507s9999||||xx |||||||||||||| ||und|| | ||
| 040 | _cfsecg | ||
| 041 | _aara | ||
| 082 | _a332.642 | ||
| 100 |
_aنصر علي، عبد الوهاب _eمؤلف |
||
| 245 | 0 |
_aخدمات مراقب الحسابات لسوق المال : _bالمتطلبات المهنية ومشاكل الممارسة العملية في ضوء معايير المراجعة المصرية والدولية والأمريكية / _c عبد الوهاب نصر علي |
|
| 260 |
_aالإسكندرية: _bالدار الجامعية الجديدة, _c2001 |
||
| 300 |
_a528 صفحة؛ _bإيضاحات ؛ _c24 سم |
||
| 520 | _aالمراجعة الحديثة لحسابات الشركات المقيدة بالبورصة، الإتجاهات في مجالات المراجعة المتقدمة، تطور مسؤولية مراقب الحسابات نحو سوق المال، خدمات مراقب الحسابات غير التقليدية لسوق المال | ||
| 653 | _aأسواق المال | ||
| 653 | _aالبورصات | ||
| 942 | _cكتاب | ||
| 999 |
_c45398 _d45398 |
||